Gaming Quiz

Random Gaming or Video Games Quiz
Score 0/30 Timer 05:00
0 Plays Today
Gen % Correct
Gen IEevee
73.5%
Gen IIGirafarig
65.2%
Gen IAbra
62.9%
Gen IIHo-Oh
61.8%
Gen INidoran (Female)
56.2%
Gen INidoran (Male)
56.2%
Gen VAlomomola
50.6%
Gen IVPiplup
49.4%
Gen IVPrinplup
48.3%
Gen IVElectivire
41.6%
Gen IElectrode
39.3%
Gen INidoqueen
38.2%
Gen IExeggcute
34.8%
Gen IIMeganium
32.6%
Gen IIDelibird
32.6%
Gen % Correct
Gen IVRhyperior
31.5%
Gen VKlink
28.1%
Gen VINoivern
28.1%
Gen VKrokorok
27%
Gen VIAmaura
27%
Gen IIIElectrike
25.8%
Gen IIIAltaria
25.8%
Gen VSolosis
25.8%
Gen IIIMedicham
23.6%
Gen IVShellos
23.6%
Gen IVMothim
21.3%
Gen IIIGrumpig
18%
Gen VITrevenant
15.7%
Gen VITyrunt
14.6%
Gen VIPhantump
13.5%
Remove Ads.
Support Sporcle.
Get the best of Sporcle when you Go Orange. This ad-free experience offers more features, more stats, and more fun while also helping to support Sporcle. Thank you for becoming a member.

You're not logged in!

Compare scores with friends on all Sporcle quizzes.
OR
Log In

Show Comments

Extras

Top Quizzes Today


Score Distribution

Your Account Isn't Verified!

In order to create a playlist on Sporcle, you need to verify the email address you used during registration. Go to your Sporcle Settings to finish the process.

Report this User

Report this user for behavior that violates our Community Guidelines.

Details: